000 00303nam a22001217a 4500
008 170228b xxu||||| |||| 00| 0 eng d
041 _aeng
080 _a616.8-006
100 _a6
101 _aSHM
245 _aTAMOXIFEN FOR THE TREATMENT AND PREVENTION OF BREAST CANCER
_cJORDAN, V.C
942 _2udc
_cBK
999 _c6414
_d6414